[Event "3rd EUR-ch (w)"]
[Site "Varna BUL"]
[Date "2002.06.06"]
[Round "10.21"]
[White "Hernandez Estevez, Yudania"]
[Black "Lomineishvili, Maia"]
[Result "0-1"]
[WhiteElo "2247"]
[BlackElo "2370"]
[EventDate "2002.05.27"]
[PlyCount "127"]

1.e4 c5 2.Nf3 d6 3.d4 cxd4 4.Nxd4 Nf6 5.Nc3 Nc6 6.Bg5 e6 7.Qd2 a6 8.O-O-O 
Nxd4 9.Qxd4 Be7 10.f3 O-O 11.h4 b5 12.Kb1 Qa5 13.Qd2 b4 14.Ne2 e5 15.Nc1 
Be6 16.g4 Rfd8 17.Qf2 d5 18.Bxf6 Bxf6 19.Bd3 Be7 20.g5 Qc7 21.exd5 Bxd5 
22.Be4 Qc6 23.Qe2 Bxe4 24.Qxe4 Qxe4 25.fxe4 a5 26.Nd3 f6 27.gxf6 Bxf6 28.
b3 Rd4 29.Rde1 a4 30.Rh2 a3 31.Kc1 Rb8 32.Kd2 Bd8 33.Kc1 Rb5 34.Ree2 Rd6 
35.Kd2 Bb6 36.Reg2 Bd4 37.Rg5 Bc3+ 38.Ke3 Re6 39.Rhg2 Rb7 40.Ke2 Bd4 41.
Rf5 Rbe7 42.h5 Rb6 43.Rg3 Rf7 44.Rgg5 Rxf5 45.Rxf5 Bc3 46.Ke3 Re6 47.Ke2 
g6 48.hxg6 hxg6 49.Rg5 Kg7 50.Rg2 Re8 51.Rh2 g5 52.Nc5 Kg6 53.Nd3 Rf8 54.
Rh1 g4 55.Rg1 Kg5 56.Rf1 Rh8 57.Rf5+ Kh4 58.Nxe5 Bxe5 59.Rxe5 Rc8 60.Kd2 
g3 61.Re7 Rg8 62.Rh7+ Kg4 63.Rh1 g2 64.Rg1 0-1

[Event "3rd EUR-ch (w)"]
[Site "Varna BUL"]
[Date "2002.06.06"]
[Round "10.22"]
[White "Galoian, Lilit"]
[Black "Zimina, Olga"]
[Result "1/2-1/2"]
[WhiteElo "2163"]
[BlackElo "2360"]
[EventDate "2002.05.27"]
[PlyCount "80"]

1.d4 Nf6 2.c4 c6 3.Nc3 d5 4.e3 a6 5.Qc2 g6 6.Bd3 Bg7 7.Nf3 Bg4 8.Ne5 Be6 
9.b3 O-O 10.O-O c5 11.cxd5 Bxd5 12.Nxd5 Qxd5 13.Bb2 cxd4 14.Bxd4 Nbd7 15.
Bc4 Qd6 16.Nxd7 Qxd7 17.Rfd1 Qg4 18.Be2 Qg5 19.Qb2 Rfe8 20.f4 Qf5 21.Bf3 
Reb8 22.Rac1 Ne8 23.Bxg7 Nxg7 24.Qe5 Qxe5 25.fxe5 Ne6 26.h4 a5 27.Rd7 a4 
28.Rxe7 axb3 29.axb3 Ra5 30.Rxb7 Rxb7 31.Bxb7 Rb5 32.Bc8 Rxb3 33.Bxe6 fxe6
34.Rc8+ Kg7 35.Rc7+ Kg8 36.Re7 Rxe3 37.Rxe6 Kf7 38.Rf6+ Kg7 39.Re6 Kf7 40.
Rf6+ Kg7 1/2-1/2

[Event "3rd EUR-ch (w)"]
[Site "Varna BUL"]
[Date "2002.06.06"]
[Round "10.25"]
[White "Calotescu, Ana-Cristina"]
[Black "Georgieva, Liubka"]
[Result "1/2-1/2"]
[WhiteElo "2299"]
[BlackElo "2241"]
[EventDate "2002.05.27"]
[PlyCount "67"]

1.Nf3 c5 2.c4 Nc6 3.d4 cxd4 4.Nxd4 Nf6 5.Nc3 g6 6.e4 d6 7.Be2 Bg7 8.Be3 
O-O 9.O-O a6 10.f3 Nd7 11.Rc1 Nc5 12.b3 Bd7 13.Nxc6 bxc6 14.b4 Ne6 15.c5 
a5 16.cxd6 axb4 17.dxe7 Qxe7 18.Na4 Rfd8 19.Bb6 Rdb8 20.Be3 Be8 21.Kh1 Ra5
22.Bc4 c5 23.Bxe6 Bxa4 24.Bb3 Bxb3 25.axb3 Bc3 26.Qd5 Rd8 27.Qc6 Qd6 28.
Qb7 Ra2 29.f4 Rb2 30.f5 Rd7 31.Qc8+ Rd8 32.Qb7 Rd7 33.Qc8+ Rd8 34.Qb7 
1/2-1/2

[Event "3rd EUR-ch (w)"]
[Site "Varna BUL"]
[Date "2002.06.06"]
[Round "10.27"]
[White "Velcheva, Maria"]
[Black "Kouvatsou, Maria"]
[Result "1-0"]
[WhiteElo "2327"]
[BlackElo "2232"]
[EventDate "2002.05.27"]
[PlyCount "139"]

1.e4 e5 2.Nf3 Nf6 3.Nxe5 d6 4.Nf3 Nxe4 5.c4 Be7 6.d4 O-O 7.Bd3 Ng5 8.Nxg5 
Bxg5 9.Qh5 Re8+ 10.Kd1 h6 11.Bxg5 Qxg5 12.Qxg5 hxg5 13.Nc3 Bd7 14.Kd2 Nc6 
15.Nd5 Rac8 16.Kc3 Ne7 17.Ne3 g6 18.h4 gxh4 19.Rxh4 Kg7 20.Rah1 Rh8 21.b4 
Rxh4 22.Rxh4 c6 23.a4 a6 24.c5 Rd8 25.Rh1 Be6 26.Bc4 Bxc4 27.Nxc4 Nd5+ 28.
Kb3 dxc5 29.bxc5 Nf4 30.Nd6 Ne6 31.Kc4 b5+ 32.Kc3 Rb8 33.axb5 axb5 34.Ra1 
Nd8 35.Ra7 Kf6 36.Kb4 Ke6 37.f3 Kf6 38.g4 g5 39.Ne4+ Kg6 40.Rd7 Ne6 41.Rd6
Rc8 42.d5 cxd5 43.Rxd5 Kg7 44.Nxg5 Nxg5 45.Rxg5+ Kf6 46.Rf5+ Ke6 47.Kxb5 
Rb8+ 48.Kc6 Rb3 49.Kc7 Rc3 50.c6 Rc2 51.Kb7 Kd6 52.Rf6+ Ke7 53.Rf4 Kd6 54.
Rd4+ Ke7 55.c7 Rb2+ 56.Kc8 Rc2 57.Kb7 Rb2+ 58.Kc6 Rc2+ 59.Kb6 Rb2+ 60.Kc5 
Rc2+ 61.Rc4 Rxc4+ 62.Kxc4 Kd7 63.Kd5 Kxc7 64.Ke5 Kd7 65.Kf6 Ke8 66.f4 Kf8 
67.f5 Kg8 68.Ke7 Kg7 69.g5 Kg8 70.f6 1-0

[Event "3rd EUR-ch (w)"]
[Site "Varna BUL"]
[Date "2002.06.06"]
[Round "10.28"]
[White "Zakurdyaeva, Irina"]
[Black "Ionica, Iulia-Ionela"]
[Result "0-1"]
[WhiteElo "2318"]
[BlackElo "2228"]
[EventDate "2002.05.27"]
[PlyCount "118"]

1.e4 c5 2.Nf3 e6 3.b3 b6 4.Bb2 Bb7 5.e5 a6 6.Be2 Ne7 7.O-O Ng6 8.d4 Nf4 9.
Re1 Nxe2+ 10.Qxe2 cxd4 11.Nxd4 Bc5 12.Nd2 Qc7 13.Qg4 Nc6 14.Ne4 O-O-O 15.
Nxc6 Qxc6 16.Rad1 h5 17.Qg5 Kb8 18.Nxc5 Qxc5 19.c4 f6 20.Qg6 fxe5 21.Bxe5+
Ka8 22.Bd4 Qc6 23.f3 h4 24.h3 Rhg8 25.Rd3 e5 26.Qg5 exd4 27.Qxh4 Qc5 28.
Qxd4 Kb8 29.Qxc5 bxc5 30.Rd6 Kc7 31.Rg6 d6 32.Re7+ Rd7 33.Rxd7+ Kxd7 34.h4
Kc6 35.h5 Rh8 36.g4 Rh7 37.Kf2 Bc8 38.Ke3 Bd7 39.Kf4 Be8 40.Rg5 Kd7 41.Ke4
Ke6 42.f4 Bc6+ 43.Ke3 Be8 44.Kd3 Bf7 45.Kc3 Kf6 46.Rf5+ Ke6 47.Rg5 Kf6 48.
b4 cxb4+ 49.Kxb4 Rh8 50.Ra5 Rc8 51.Rxa6 Rxc4+ 52.Kb5 Rxf4 53.Rxd6+ Kg5 54.
a4 Be8+ 55.Kc5 Rxa4 56.Rd8 Bf7 57.Rd7 Rf4 58.Rd6 Rc4+ 59.Kb6 Rxg4 0-1

[Event "3rd EUR-ch (w)"]
[Site "Varna BUL"]
[Date "2002.06.06"]
[Round "10.29"]
[White "Gasparian, Narine"]
[Black "Voiska, Margarita"]
[Result "0-1"]
[WhiteElo "2204"]
[BlackElo "2300"]
[EventDate "2002.05.27"]
[PlyCount "56"]

1.d4 c5 2.d5 e6 3.c4 exd5 4.cxd5 d6 5.Nc3 Ne7 6.g3 Ng6 7.Nf3 Be7 8.Bg2 O-O
9.O-O Na6 10.Nd2 Nc7 11.a4 Na6 12.Nc4 Nb4 13.f4 f5 14.e4 fxe4 15.Bxe4 Bf6 
16.Qh5 Qe7 17.Bb1 Bd4+ 18.Kh1 b6 19.Bd2 Bb7 20.Re1 Qf6 21.Be4 Rae8 22.f5 
Ne5 23.Nxe5 Rxe5 24.Qf3 Qf7 25.Rad1 Bxc3 26.Bxc3 Rxe4 27.Qxe4 Nxd5 28.Bxg7
Nf6 0-1

[Event "3rd EUR-ch (w)"]
[Site "Varna BUL"]
[Date "2002.06.06"]
[Round "10.30"]
[White "Koskoska, Gabriela"]
[Black "Sikorova, Olga"]
[Result "0-1"]
[WhiteElo "2229"]
[BlackElo "2298"]
[EventDate "2002.05.27"]
[PlyCount "128"]

1.e4 d5 2.exd5 Nf6 3.d4 Nxd5 4.c4 Nb6 5.Nf3 Bg4 6.c5 N6d7 7.Bc4 e6 8.Nc3 
Nc6 9.Be3 Be7 10.h3 Bxf3 11.Qxf3 Nb4 12.O-O c6 13.a3 Nd5 14.Bd2 O-O 15.b4 
a6 16.Ne4 N7f6 17.Ng3 Qc7 18.Rfe1 Rfd8 19.Rad1 Rd7 20.Bb3 Qd8 21.Bc1 Nc7 
22.Bb2 Bf8 23.Nf1 Nb5 24.Qd3 g6 25.a4 Nc7 26.Ne3 Nfd5 27.Qc4 h5 28.Bc2 Bg7
29.Be4 Qh4 30.Nc2 Rad8 31.Qf1 Qg5 32.Bc1 Qe7 33.Bb2 Bf6 34.g3 Qf8 35.Rd3 
h4 36.Kh2 Qg7 37.Red1 Ne8 38.b5 axb5 39.axb5 Nec7 40.bxc6 bxc6 41.Rb3 Nb5 
42.Rxb5 hxg3+ 43.fxg3 cxb5 44.Qxb5 Qh6 45.c6 Rc7 46.Rd3 Be7 47.Bxd5 exd5 
48.Ne3 Qg5 49.Ng4 Kg7 50.Rd1 Qf5 51.Qe2 Qe6 52.Qd2 Rxc6 53.Ne5 Rc7 54.Bc1 
Rh8 55.g4 Bd6 56.Kg2 Rb7 57.Re1 Bxe5 58.Rxe5 Qf6 59.Qe2 Rb3 60.Rxd5 Rbxh3 
61.Qe5 Rh2+ 62.Qxh2 Rxh2+ 63.Kxh2 Qf2+ 64.Kh3 Qf3+ 0-1

[Event "3rd EUR-ch (w)"]
[Site "Varna BUL"]
[Date "2002.06.06"]
[Round "10.31"]
[White "Agrest, Svetlana"]
[Black "Krupkova, Petra"]
[Result "1-0"]
[WhiteElo "2225"]
[BlackElo "2293"]
[EventDate "2002.05.27"]
[PlyCount "83"]

1.e4 c5 2.Nc3 Nc6 3.g3 g6 4.Bg2 Bg7 5.d3 d6 6.f4 e6 7.Nf3 Nge7 8.O-O O-O 
9.Be3 Nd4 10.e5 Nef5 11.Bf2 Nxf3+ 12.Qxf3 Nd4 13.Qd1 dxe5 14.fxe5 Bxe5 15.
Ne4 f5 16.Nxc5 Qc7 17.b4 Nc6 18.d4 Bf6 19.c3 b6 20.Qf3 bxc5 21.Qxc6 Qxc6 
22.Bxc6 Rb8 23.bxc5 Bb7 24.Bxb7 Rxb7 25.Rab1 Rfb8 26.Rxb7 Rxb7 27.c4 Rb4 
28.Rc1 Kf7 29.c6 Ke7 30.d5 Kd8 31.Bxa7 exd5 32.cxd5 Bd4+ 33.Bxd4 Rxd4 34.
c7+ Kc8 35.Rc5 Rd1+ 36.Kf2 Rd2+ 37.Ke3 Rxa2 38.d6 Ra8 39.Kd4 Kd7 40.Kd5 
Rf8 41.Rb5 f4 42.Rb8 1-0

[Event "3rd EUR-ch (w)"]
[Site "Varna BUL"]
[Date "2002.06.06"]
[Round "10.32"]
[White "Andreeva, Natalia"]
[Black "Mira, Helene"]
[Result "1-0"]
[WhiteElo "2289"]
[BlackElo "2127"]
[EventDate "2002.05.27"]
[PlyCount "53"]

1.Nf3 c5 2.g3 Nc6 3.d4 cxd4 4.Nxd4 g6 5.Bg2 Bg7 6.Nxc6 bxc6 7.c4 Rb8 8.Qc2
Qb6 9.Nd2 h5 10.O-O h4 11.Nb3 hxg3 12.hxg3 c5 13.Bd2 Bb7 14.e4 d6 15.Bc3 
Bxc3 16.Qxc3 Nf6 17.Nc1 Rh7 18.Re1 Ng4 19.Ne2 e5 20.Qd2 Ke7 21.Nc3 Rg8 22.
Rad1 Nf6 23.Re3 Ne8 24.Rd3 a6 25.Qg5+ f6 26.Qg4 Qxb2 27.Rb1 1-0

[Event "3rd EUR-ch (w)"]
[Site "Varna BUL"]
[Date "2002.06.06"]
[Round "10.33"]
[White "Krivec, Jana"]
[Black "Andersson, Christin"]
[Result "0-1"]
[WhiteElo "2271"]
[BlackElo "2119"]
[EventDate "2002.05.27"]
[PlyCount "106"]

1.e4 e6 2.d4 d5 3.Nc3 Bb4 4.e5 c5 5.Bd2 Ne7 6.Nb5 Bxd2+ 7.Qxd2 cxd4 8.Nd6+
Kf8 9.O-O-O Nbc6 10.f4 Nf5 11.Nxf5 exf5 12.Nf3 Be6 13.Nxd4 Nxd4 14.Qxd4 
Qa5 15.Kb1 Rc8 16.Be2 Qc5 17.c3 Ke7 18.h3 Rhd8 19.Qxc5+ Rxc5 20.Rd4 a6 21.
Rhd1 b5 22.a4 Rb8 23.axb5 axb5 24.g3 h6 25.Bf3 Rd8 26.Kc2 g5 27.Be2 Ra8 
28.Bf3 Ra4 29.Kb3 g4 30.hxg4 fxg4 31.Be2 Ra8 32.Rh1 Rh8 33.Kb4 Rc7 34.Bxb5
Rb8 35.Ra1 Rcb7 36.Ra5 Bd7 37.c4 dxc4 38.Rxd7+ Rxd7 39.Kxc4 Rc8+ 40.Kb3 
Rb7 41.Ka4 Rcb8 42.Bc6 Rb4+ 43.Ka3 Rb3+ 44.Ka2 Rxb2+ 45.Ka1 Rb1+ 46.Ka2 
R8b2+ 47.Ka3 Ra1+ 48.Kxb2 Rxa5 49.Be4 h5 50.Bf5 Rd5 51.Kc2 Rd4 52.Bd3 h4 
53.gxh4 g3 0-1

[Event "3rd EUR-ch (w)"]
[Site "Varna BUL"]
[Date "2002.06.06"]
[Round "10.34"]
[White "Muzychuk, Anna"]
[Black "Sarakauskiene, Zivile"]
[Result "1-0"]
[WhiteElo "2256"]
[BlackElo "2105"]
[EventDate "2002.05.27"]
[PlyCount "151"]

1.e4 c5 2.b3 Nf6 3.e5 Nd5 4.Bb2 e6 5.Qg4 Nc6 6.Nf3 a6 7.Be2 d6 8.O-O dxe5 
9.Nxe5 Nxe5 10.Bxe5 f6 11.Bb2 e5 12.Qe4 Be7 13.Bc4 Nf4 14.Nc3 Ra7 15.Bd5 
b5 16.Bc6+ Bd7 17.Rae1 O-O 18.Bxd7 Rxd7 19.d3 Ne6 20.Qe3 Nd4 21.Qc1 Rc7 
22.Ne4 c4 23.Bxd4 Qxd4 24.dxc4 bxc4 25.c3 Qb6 26.b4 f5 27.Ng3 e4 28.Ne2 
Bf6 29.Rd1 a5 30.Nf4 Qa7 31.Ne6 axb4 32.Nxc7 Qxc7 33.cxb4 Ra8 34.Qc2 c3 
35.Qb3+ Kh8 36.Rc1 Be5 37.h3 Rb8 38.Qe6 g6 39.Rfd1 Rb7 40.Rd5 Bh2+ 41.Kh1 
Kg7 42.g3 Bxg3 43.fxg3 Qxg3 44.Qe5+ Qxe5 45.Rxe5 Rxb4 46.Rxc3 Rb1+ 47.Kg2 
Rb2+ 48.Kg3 Rxa2 49.Rec5 Kh6 50.Rc7 Kg5 51.h4+ Kh6 52.Re7 Ra1 53.Rcc7 Ra3+
54.Kf4 Rf3+ 55.Ke5 Kh5 56.Rxh7+ Kg4 57.Rcg7 e3 58.Rxg6+ Kh3 59.Re6 f4 60.
Kd4 Rf2 61.h5 e2 62.h6 Kg3 63.Rhe7 Rh2 64.Rxe2 Rxh6 65.Rg7+ Kf3 66.Re8 
Rd6+ 67.Ke5 Ra6 68.Rf8 Ra5+ 69.Ke6 Ra4 70.Rgf7 Ra6+ 71.Kf5 Kg3 72.Kg5 Ra5+
73.Rf5 Rxf5+ 74.Kxf5 f3 75.Ke4 f2 76.Ke3 1-0

[Event "3rd EUR-ch (w)"]
[Site "Varna BUL"]
[Date "2002.06.06"]
[Round "10.35"]
[White "Zawadzka, Jolanta"]
[Black "Shaidullina, Sandugach"]
[Result "1-0"]
[WhiteElo "2181"]
[BlackElo "2245"]
[EventDate "2002.05.27"]
[PlyCount "99"]

1.e4 c5 2.Nf3 d6 3.d4 cxd4 4.Nxd4 Nf6 5.Nc3 Nc6 6.f3 e6 7.Be3 Be7 8.Qd2 
O-O 9.O-O-O d5 10.exd5 Nxd5 11.Nxd5 Qxd5 12.c4 Qd6 13.Nxc6 Qxc6 14.Bd3 e5 
15.Qc2 f5 16.Rhe1 Be6 17.Kb1 Rac8 18.b3 a5 19.a4 Bh4 20.Re2 e4 21.fxe4 f4 
22.Bf2 Bg5 23.e5 h6 24.Be4 Qc7 25.h4 Be7 26.Bd5 Bxd5 27.cxd5 Qd8 28.Qd3 
Bxh4 29.Bxh4 Qxh4 30.d6 f3 31.gxf3 Qb4 32.d7 Rc3 33.Qd5+ Kh8 34.d8=Q Rxb3+
35.Qxb3 Qxb3+ 36.Rb2 Qf7 37.Qd5 Qg6+ 38.Qe4 Qg5 39.Rxb7 Rc8 40.Qg4 Qxg4 
41.fxg4 Rc4 42.e6 Kh7 43.e7 Re4 44.Rd8 Re1+ 45.Kc2 Re2+ 46.Kd1 Rh2 47.Rh8+
Kxh8 48.e8=Q+ Kh7 49.Qe4+ Kg8 50.Qd5+ 1-0

[Event "3rd EUR-ch (w)"]
[Site "Varna BUL"]
[Date "2002.06.06"]
[Round "10.37"]
[White "Bosboom-Lanchava, Tea"]
[Black "Zlatanova, Emilia"]
[Result "1-0"]
[WhiteElo "2330"]
[BlackElo "2137"]
[EventDate "2002.05.27"]
[PlyCount "77"]

1.d4 Nf6 2.c4 g6 3.Nc3 d5 4.e3 Bg7 5.Qb3 c6 6.Nf3 b6 7.cxd5 cxd5 8.Bb5+ 
Bd7 9.Nxd5 Nc6 10.Nxf6+ Bxf6 11.O-O O-O 12.Bd2 a6 13.Be2 e5 14.d5 Na5 15.
Bxa5 bxa5 16.e4 Rb8 17.Qa3 Rb4 18.Nd2 Bg5 19.Rad1 Bxd2 20.Rxd2 Rxe4 21.
Bxa6 Qb6 22.Be2 Rc8 23.h3 Qb4 24.Qxb4 axb4 25.b3 Rc5 26.Rfd1 Kf8 27.g3 Rc3
28.Kg2 Ke7 29.Bc4 Kd6 30.Ra1 Rd4 31.Rxd4 exd4 32.a3 bxa3 33.Rxa3 Bf5 34.
Ra6+ Kd7 35.Bb5+ Kd8 36.d6 Be4+ 37.Kh2 Rxb3 38.Rb6 Rc3 39.d7 1-0

[Event "3rd EUR-ch (w)"]
[Site "Varna BUL"]
[Date "2002.06.06"]
[Round "10.38"]
[White "Gerasimovich, Olga"]
[Black "Velikhanli, Firuza"]
[Result "0-1"]
[WhiteElo "2153"]
[BlackElo "2320"]
[EventDate "2002.05.27"]
[PlyCount "86"]

1.e4 d6 2.d4 Nf6 3.Nc3 g6 4.f4 Bg7 5.Nf3 O-O 6.Bd3 c5 7.dxc5 dxc5 8.O-O 
Nc6 9.e5 Nd5 10.Ne4 b6 11.c4 Ndb4 12.Bb1 Bg4 13.a3 Qxd1 14.Rxd1 Bxf3 15.
gxf3 Rad8 16.Rxd8 Rxd8 17.axb4 Rd1+ 18.Kf2 Rxc1 19.bxc5 bxc5 20.Nc3 Bh6 
21.Kg3 Nd4 22.Rxa7 Ne6 23.f5 gxf5 24.Bxf5 Bf4+ 25.Kg2 Bxe5 26.Bxe6 fxe6 
27.Rxe7 Rc2+ 28.Kf1 Rxb2 29.Ne4 Bd4 30.Rxe6 Rxh2 31.Rc6 h5 32.Nxc5 h4 33.
Ne4 h3 34.Rd6 Rh1+ 35.Ke2 Be5 36.Nf2 Rh2 37.Rh6 Bd4 38.Rxh3 Rxf2+ 39.Kd3 
Bc5 40.Ke4 Rd2 41.Rg3+ Kf7 42.Rg4 Kf6 43.Kf4 Bf2 0-1

[Event "3rd EUR-ch (w)"]
[Site "Varna BUL"]
[Date "2002.06.06"]
[Round "10.39"]
[White "Movsisian, Naira"]
[Black "Djingarova, Emilia"]
[Result "1/2-1/2"]
[WhiteElo "2078"]
[BlackElo "2315"]
[EventDate "2002.05.27"]
[PlyCount "120"]

1.d4 Nf6 2.Nf3 g6 3.Bg5 Bg7 4.c3 O-O 5.Nbd2 d6 6.e4 c5 7.Bc4 h6 8.Bxf6 
Bxf6 9.dxc5 dxc5 10.e5 Bg7 11.Qe2 Nc6 12.Qe3 Na5 13.Qxc5 Nxc4 14.Qxc4 Be6 
15.Qd4 Qc7 16.O-O Rfd8 17.Qe3 Rd5 18.Rfe1 Rad8 19.Nb3 Rd3 20.Qc5 Qd7 21.
Qxa7 Bxb3 22.axb3 Qd5 23.Qb6 g5 24.Nd4 Rd7 25.Qa5 Rd2 26.Qxd5 Rxd5 27.Rab1
Rxe5 28.Rxe5 Bxe5 29.Nf3 Re2 30.Re1 Rxe1+ 31.Nxe1 Bd6 32.h3 f6 33.Kf1 Kf7 
34.Ke2 Ke6 35.Kd3 Bc5 36.f3 Bf2 37.Nc2 h5 38.c4 Ke5 39.b4 f5 40.b5 h4 41.
b4 b6 42.Ne3 Kf4 43.Nd5+ Kg3 44.Nxe7 Kxg2 45.Nxf5 Kxh3 46.Ne3 Bxe3 47.Kxe3
Kg2 48.c5 h3 49.cxb6 h2 50.b7 h1=Q 51.b8=Q Qc1+ 52.Kd3 Qd1+ 53.Kc4 Qc2+ 
54.Kd4 Qb3 55.Kc5 Qc3+ 56.Kb6 Qxb4 57.Qe5 Qd2 58.Qf5 Qd6+ 59.Kb7 Qe7+ 60.
Kc6 Qe8+ 1/2-1/2

[Event "3rd EUR-ch (w)"]
[Site "Varna BUL"]
[Date "2002.06.06"]
[Round "10.41"]
[White "Kharashkina, Bairta"]
[Black "Dimovski, Aleksandra"]
[Result "0-1"]
[WhiteElo "2193"]
[BlackElo "2114"]
[EventDate "2002.05.27"]
[PlyCount "146"]

1.e4 e5 2.Nf3 Nc6 3.d4 exd4 4.Nxd4 Qh4 5.Nb5 Bc5 6.Qe2 Nd4 7.Nxd4 Bxd4 8.
g3 Qe7 9.Bg2 d6 10.Qd3 Bb6 11.Nc3 Nf6 12.O-O O-O 13.Bg5 Qe5 14.Bf4 Qh5 15.
Qb5 Qxb5 16.Nxb5 Re8 17.Rfe1 Ng4 18.Re2 Ne5 19.h3 Bd7 20.Nc3 Nc4 21.Rb1 
Bc6 22.b3 Bd4 23.Nd1 Na3 24.Rc1 f5 25.Ne3 Bxe4 26.Bxe4 Rxe4 27.Rd2 Bb6 28.
Nxf5 Nb5 29.c4 Rf8 30.Nh6+ gxh6 31.cxb5 Rf5 32.a4 h5 33.h4 Rc5 34.Rxc5 
Bxc5 35.Kg2 Re1 36.Kf3 Kf7 37.Rd3 Kg6 38.Bd2 Rb1 39.Be3 Bxe3 40.Rxe3 Rc1 
41.Ke4 Rc5 42.Rf3 Re5+ 43.Kd4 Rf5 44.Rc3 Rf7 45.f3 Kf5 46.Kd5 Re7 47.Kd4 
Rg7 48.Ke3 Ke5 49.Rc4 d5 50.Rc2 Kd6 51.Kf4 Rf7+ 52.Ke3 Rg7 53.Kf4 Rf7+ 54.
Ke3 c5 55.bxc6 bxc6 56.Rc3 c5 57.Rd3 Ke5 58.f4+ Kd6 59.Kf3 Rg7 60.Re3 Re7 
61.Rd3 Re1 62.Kf2 Rb1 63.Kf3 a5 64.Ke3 d4+ 65.Kf2 Kd5 66.Rf3 Rb2+ 67.Kg1 
Ke4 68.Rf2 Rxb3 69.f5 Rxg3+ 70.Kf1 Rg7 71.f6 Rf7 72.Ke2 Ke5 73.Kd3 Rxf6 
0-1

[Event "3rd EUR-ch (w)"]
[Site "Varna BUL"]
[Date "2002.06.06"]
[Round "10.42"]
[White "Bednikova, Stefi"]
[Black "Bogza, Adina"]
[Result "0-1"]
[WhiteElo "2184"]
[BlackElo "2251"]
[EventDate "2002.05.27"]
[PlyCount "74"]

1.e4 d6 2.d4 Nf6 3.Nc3 g6 4.Nf3 Bg7 5.h3 O-O 6.Be3 c6 7.a4 Nbd7 8.Be2 e5 
9.dxe5 dxe5 10.O-O Qe7 11.Nd2 Nc5 12.Bc4 Rd8 13.Bxc5 Qxc5 14.Qe2 Nh5 15.
Nb3 Qe7 16.Qf3 Nf4 17.Kh2 Be6 18.Bxe6 Nxe6 19.Rfd1 Re8 20.Ne2 Nd4 21.Qd3 
Rad8 22.f3 h5 23.a5 h4 24.Qc4 Qg5 25.Nd2 Qe3 26.Ng1 Qf2 27.c3 Nc2 28.Qf1 
Rxd2 29.Qxf2 Rxf2 30.Rf1 Rd2 31.Rfd1 Red8 32.Rxd2 Rxd2 33.a6 b6 34.Ra4 Ne3
35.Kh1 Bh6 36.b3 Bf4 37.Rc4 Rxg2 0-1

[Event "3rd EUR-ch (w)"]
[Site "Varna BUL"]
[Date "2002.06.06"]
[Round "10.43"]
[White "Shtereva, Slaveja"]
[Black "Kaps, Darja"]
[Result "0-1"]
[WhiteElo "2071"]
[BlackElo "2251"]
[EventDate "2002.05.27"]
[PlyCount "90"]

1.c4 Nf6 2.Nc3 g6 3.g3 Bg7 4.Bg2 O-O 5.e4 d6 6.Nge2 c5 7.d3 Nc6 8.O-O Ne8 
9.Rb1 Nc7 10.a3 a5 11.Nd5 Ne6 12.b4 axb4 13.axb4 Ned4 14.Nxd4 Nxd4 15.bxc5
dxc5 16.Bf4 Ra2 17.Bc7 Qd7 18.Bb6 Ne2+ 19.Kh1 e6 20.Qb3 exd5 21.Qxa2 Nc3 
22.Qc2 Nxb1 23.Qxb1 dxc4 24.Bxc5 c3 25.Bxf8 Bxf8 26.e5 b5 27.d4 Qxd4 28.
Qxb5 c2 29.Qe2 Bf5 30.e6 fxe6 31.Bf3 e5 32.Rc1 Bd3 33.Qd2 Bb4 34.Qg5 Ba3 
35.Qf6 Bf5 36.Qc6 e4 37.Be2 e3 38.f3 Bxc1 39.Qe8+ Kg7 40.Qe7+ Kh6 41.Qf8+ 
Qg7 42.Qd6 Qf7 43.Qf4+ g5 44.Qd6+ Bg6 45.h4 Bb2 0-1

[Event "3rd EUR-ch (w)"]
[Site "Varna BUL"]
[Date "2002.06.06"]
[Round "10.46"]
[White "Besheva, Svetla"]
[Black "Cavusoglu, Yildiz"]
[Result "1-0"]
[WhiteElo "2125"]
[BlackElo "2036"]
[EventDate "2002.05.27"]
[PlyCount "105"]

1.e4 e5 2.Nf3 Nf6 3.Nxe5 d6 4.Nf3 Nxe4 5.d4 d5 6.Bd3 Nc6 7.O-O Be7 8.c4 
Nb4 9.Be2 O-O 10.Nc3 Nf6 11.h3 h6 12.a3 Nc6 13.Bf4 Bd6 14.Be3 Be6 15.c5 
Be7 16.Qc2 Qc8 17.Kh2 Nh7 18.Rad1 f5 19.Bf4 Ng5 20.Qb3 Rd8 21.Nb5 Rd7 22.
Ne5 Nxe5 23.Bxe5 Ne4 24.Qc2 a6 25.c6 bxc6 26.Qxc6 Nd6 27.Nc3 Qb7 28.Qxb7 
Nxb7 29.b4 Bd6 30.f4 g5 31.g3 Rdd8 32.Na4 a5 33.Nc5 Bxc5 34.bxc5 c6 35.Rb1
Rd7 36.Rb6 Nd8 37.Rfb1 Kf7 38.Bd1 Rda7 39.Ba4 Bd7 40.Rb8 Ke6 41.fxg5 hxg5 
42.Rxa8 Rxa8 43.Rb8 Rxb8 44.Bxb8 Nb7 45.h4 gxh4 46.gxh4 Be8 47.Kg3 Kf6 48.
Bc7 Ke6 49.Kf4 Kf6 50.Bc2 Bg6 51.Bd3 Ke6 52.Kg5 Be8 53.Bxf5+ 1-0

[Event "3rd EUR-ch (w)"]
[Site "Varna BUL"]
[Date "2002.06.06"]
[Round "10.47"]
[White "Karahaliou, Elia"]
[Black "Gunther, Anetta"]
[Result "1/2-1/2"]
[WhiteElo "2058"]
[BlackElo "2116"]
[EventDate "2002.05.27"]
[PlyCount "48"]

1.e4 c5 2.Nf3 Nc6 3.Bb5 g6 4.O-O Bg7 5.Qe2 Nf6 6.e5 Nd5 7.Qc4 e6 8.Bxc6 
dxc6 9.Qxc5 Qc7 10.d4 b6 11.Qa3 a5 12.c4 Nb4 13.Qc3 c5 14.dxc5 bxc5 15.Bf4
Bb7 16.Nbd2 Rd8 17.a3 Nd3 18.Bg3 O-O 19.Rad1 Bh6 20.Nb3 Be4 21.Nbd2 Bb7 
22.Nb3 Be4 23.Nbd2 Bb7 24.Nb3 Be4 1/2-1/2

[Event "3rd EUR-ch (w)"]
[Site "Varna BUL"]
[Date "2002.06.06"]
[Round "10.48"]
[White "Makka, Ioulia"]
[Black "Jiretorn, Eva"]
[Result "1-0"]
[WhiteElo "2188"]
[BlackElo "2114"]
[EventDate "2002.05.27"]
[PlyCount "81"]

1.c4 c5 2.Nc3 Nc6 3.Nf3 e5 4.g3 g6 5.d3 Bg7 6.a3 a5 7.Nd5 d6 8.Bg2 Be6 9.
Ng5 Bxd5 10.Bxd5 Nh6 11.Qa4 Qd7 12.Ne4 Nf5 13.Bg5 O-O 14.Bf6 Qc7 15.Bxg7 
Kxg7 16.Nc3 Nfe7 17.Bg2 Rad8 18.O-O b6 19.Rab1 f5 20.Bxc6 Qxc6 21.Qxc6 
Nxc6 22.Nd5 Nd4 23.Rfe1 Rb8 24.Kg2 b5 25.e3 Ne6 26.b3 Rf7 27.a4 bxa4 28.
bxa4 Rfb7 29.Rb5 Rxb5 30.axb5 Nd8 31.Ra1 Nb7 32.Kf1 Kf7 33.Ke2 g5 34.Kd2 
h5 35.Kc3 Rh8 36.Kb3 h4 37.Ka4 hxg3 38.hxg3 Ke6 39.b6 Kd7 40.Kb5 Rh7 41.
Nf6+ 1-0

[Event "3rd EUR-ch (w)"]
[Site "Varna BUL"]
[Date "2002.06.06"]
[Round "10.50"]
[White "Polushkina, Svetlana"]
[Black "Gjergji, Rozana"]
[Result "0-1"]
[WhiteElo "2159"]
[BlackElo "2029"]
[EventDate "2002.05.27"]
[PlyCount "76"]

1.d4 Nf6 2.c4 e6 3.g3 d5 4.Bg2 b6 5.cxd5 Nxd5 6.Nc3 Bb7 7.e4 Nxc3 8.bxc3 
Nd7 9.Ne2 c5 10.O-O Rc8 11.d5 exd5 12.exd5 Bd6 13.Qa4 a6 14.Qg4 Qf6 15.Bg5
Qg6 16.Bh3 Ne5 17.Nf4 Qxg5 18.Qxg5 Nf3+ 19.Kh1 Nxg5 20.Bxc8 Bxc8 21.h4 
Bxf4 22.gxf4 Nf3 23.c4 Kd8 24.h5 Bg4 25.Kg2 Nd4 26.Rab1 Kc7 27.Rfe1 Be2 
28.Rbc1 Re8 29.Kh3 Re4 30.Rg1 Bxh5 31.Rxg7 Ne2 32.Rc2 Nxf4+ 33.Kg3 Bg6 34.
Kf3 Nh5 35.Rxg6 Rf4+ 36.Ke3 hxg6 37.Kd3 Rd4+ 38.Kc3 b5 0-1

[Event "3rd EUR-ch (w)"]
[Site "Varna BUL"]
[Date "2002.06.06"]
[Round "10.51"]
[White "Doncheva, Marinela"]
[Black "Smochina, Carolina"]
[Result "0-1"]
[WhiteElo "2077"]
[BlackElo "2143"]
[EventDate "2002.05.27"]
[PlyCount "196"]

1.d4 Nf6 2.c4 d6 3.Nf3 Nbd7 4.Nc3 e5 5.e4 Be7 6.Be2 O-O 7.O-O Re8 8.Qc2 c6
9.h3 a5 10.Rd1 Qc7 11.Bg5 h6 12.Be3 Nh7 13.Rac1 Ng5 14.Qd2 Nxf3+ 15.Bxf3 
Nf8 16.a3 Ne6 17.Nd5 Qd8 18.Nxe7+ Qxe7 19.b4 axb4 20.axb4 exd4 21.Bxd4 Ng5
22.Qf4 Bxh3 23.Bg4 Bxg4 24.Qxg4 Qxe4 25.Qd7 Qe7 26.Qg4 Qe6 27.Qg3 Qg6 28.
Be3 Re6 29.Bf4 Rd8 30.b5 Qf6 31.bxc6 bxc6 32.c5 Ne4 33.Qf3 dxc5 34.Rxd8+ 
Qxd8 35.Rb1 Qf6 36.Rb8+ Kh7 37.g3 g5 38.Qg4 c4 39.Be3 c3 40.Kg2 Qe5 41.Rd8
Nf6 42.Qd1 Qe4+ 43.Kg1 c2 44.Qa1 c5 45.Qa7 Re7 46.Qxc5 Ng4 47.Rd4 Re5 48.
Rxe4 Rxc5 49.Rxg4 c1=Q+ 50.Bxc1 Rxc1+ 51.Kg2 Kg6 52.Rb4 h5 53.Rb6+ f6 54.
Rb5 g4 55.Ra5 Rc2 56.Rb5 f5 57.Rb4 Kg5 58.Rb5 Re2 59.Ra5 Re6 60.Rb5 Rh6 
61.Ra5 h4 62.gxh4+ Rxh4 63.Rb5 Rh3 64.Ra5 Rb3 65.Rc5 Rb2 66.Kg3 Re2 67.Rb5
Kf6 68.Ra5 Re5 69.Ra6+ Kg5 70.f4+ gxf3 71.Kxf3 Rc5 72.Ra8 Rc3+ 73.Kf2 Kg4 
74.Rg8+ Kf4 75.Rf8 Rc2+ 76.Kf1 Ke4 77.Ra8 f4 78.Rb8 Kf3 79.Rb3+ Kg4 80.Rb8
Kg3 81.Ra8 Rf2+ 82.Kg1 Rb2 83.Rg8+ Kf3 84.Ra8 Rb1+ 85.Kh2 Re1 86.Rf8 Ke3 
87.Kg2 Re2+ 88.Kf1 Rc2 89.Re8+ Kf3 90.Re1 Rf2+ 91.Kg1 Re2 92.Ra1 Kg3 93.
Kf1 Rc2 94.Ra8 Rc1+ 95.Ke2 f3+ 96.Ke3 Re1+ 97.Kd2 f2 98.Rg8+ Kh4 0-1

[Event "3rd EUR-ch (w)"]
[Site "Varna BUL"]
[Date "2002.06.06"]
[Round "10.52"]
[White "Lomakina, Galia"]
[Black "Bratimirova, Dimitrinka"]
[Result "0-1"]
[WhiteElo "2142"]
[BlackElo "2076"]
[EventDate "2002.05.27"]
[PlyCount "166"]

1.Nf3 Nf6 2.g3 d5 3.Bg2 c5 4.O-O Nc6 5.d3 e6 6.Nbd2 Be7 7.e4 dxe4 8.dxe4 
O-O 9.Re1 Qc7 10.c3 Rd8 11.Qc2 b6 12.e5 Ne8 13.Qe4 Bb7 14.Qg4 Rd7 15.h4 
Rad8 16.h5 b5 17.Nf1 b4 18.h6 g6 19.N1h2 Rd1 20.Bf4 Rxe1+ 21.Rxe1 bxc3 22.
bxc3 Qa5 23.Bg5 Qxc3 24.Rc1 Qb2 25.Qf4 Nd4 26.Nxd4 Rxd4 27.Qe3 Bxg5 28.
Qxg5 Bxg2 29.Kxg2 Rd2 30.Rf1 Qb7+ 31.Kg1 Qd7 32.Ng4 Qd8 33.Qxd8 Rxd8 34.
Rc1 Rc8 35.Kf1 f6 36.f4 Kf7 37.Ke2 f5 38.Nf2 Rc6 39.Nh3 Nc7 40.Ng5+ Kg8 
41.Kd3 Nd5 42.a3 Nb6 43.Kc3 c4 44.Kb4 Nd5+ 45.Kb5 Rb6+ 46.Kc5 Ne3 47.Kd4 
Rb3 48.Nxe6 Rd3+ 49.Kc5 c3 50.Ng5 Ng4 51.e6 Nxh6 52.Re1 Kf8 53.Nxh7+ Ke7 
54.Nf6 Rd8 55.Nd5+ Ke8 56.Nxc3 Rc8+ 57.Kd4 Ng8 58.Nb5 Ke7 59.Nxa7 Rc7 60.
Nb5 Rb7 61.a4 Nf6 62.Kc5 Ne4+ 63.Kc6 Rb8 64.Nc7 Rb3 65.a5 Rxg3 66.Ra1 Rc3+
67.Kb6 Rb3+ 68.Ka7 Nf6 69.a6 Kd6 70.Rc1 Nh5 71.e7 Kxe7 72.Nd5+ Ke6 73.Nb6 
Nxf4 74.Rc6+ Ke7 75.Kb7 Ne6 76.Kc8 g5 77.Na4 Rh3 78.Rc4 g4 79.Nc3 g3 80.
Nd5+ Kf7 81.Ne3 f4 82.Ng4 g2 83.Ne5+ Kg7 0-1